| 000 | 01149nas a2200349 4500 | ||
|---|---|---|---|
| 001 | BR0702632 | ||
| 003 | BR-BrBNA | ||
| 005 | 20231205110816.0 | ||
| 007 | ta | ||
| 008 | 230509b bl.|||p| |||| 00| 00por d | ||
| 040 |
_aBR-BrBNA _bpor _cBiblioteca Nacional de Agricultura |
||
| 041 | _a(Pt) | ||
| 072 | _aL10; L02 | ||
| 100 | 1 | _aGuterres, L.F.W. | |
| 100 | 1 | _aRorato, P.R.N. | |
| 100 | 1 | _aBoligon, A.A. | |
| 100 | 1 | _aWeber, T. | |
| 100 | 1 | _aKippert, C.J. | |
| 100 | 1 | _aLopes, J.S. | |
| 100 | 1 | _aSouza, P.R.S. de | |
| 245 | 1 | _aEfeito da inclusão da covariância genética aditiva direta-materna no modelo de análise sobre a magnitude das estimativas de parâmetros e valores genéticos preditos para ganho de peso na raça Brangus | |
| 650 | _aGADO DE CORTE | ||
| 650 | _aGADO NELORE | ||
| 650 | _aPARÂMETRO GENÉTICO | ||
| 650 | _aGANHO DE PESO | ||
| 650 | _aVARIAÇÃO GENÉTICA | ||
| 650 | _aMÉTODO ESTATÍSTICO | ||
| 650 | _aPESO AO NASCER | ||
| 773 | 0 |
_tCiência Rural (Brazil) _xISSN 0103-8478 _g(May-Jun 2007), v. 37(3) p. 809-814 _wBR0702632 |
|
| 909 |
_a202311 _bLúcia _c55 _dLúcia Elande |
||
| 942 |
_2AGRIS _n0 _cANA |
||
| 999 |
_c189171 _d189171 |
||